书目信息 |
| 题名: |
登山
|
|
| 作者: | 李明绪 编著 | |
| 分册: | ||
| 出版信息: | 西安 太白文艺出版社 2019.07 |
|
| 页数: | 198页 | |
| 开本: | 24cm | |
| 丛书名: | 太白山丛书 | |
| 单 册: | ||
| 中图分类: | G881 | |
| 科图分类: | ||
| 主题词: | 登山运动--deng shan yun dong--基本知识 | |
| 电子资源: | ||
| ISBN: | 978-7-5513-1604-0 | |
| 000 | 00994nam 2200253 450 | |
| 001 | 0109110026 | |
| 005 | 20201109110332.0 | |
| 010 | @a978-7-5513-1604-0@dCNY65.00 | |
| 100 | @a20200928e20202019em y0chiy50 ea | |
| 101 | 0 | @achi |
| 102 | @aCN@b610000 | |
| 105 | @aa z 000yy | |
| 106 | @ar | |
| 200 | 1 | @a登山@Adeng shan@e穿越与探险@f李明绪编著 |
| 210 | @a西安@c太白文艺出版社@d2019.07@h2020.07 | |
| 215 | @a198页@c彩图@d24cm | |
| 225 | 2 | @a太白山丛书@Atai bai shan cong shu@f卢文远,张辉主编 |
| 330 | @a本书共分为九个章节。涉及户外登山运动的起源和历史发展、太白山登山资源概述和户外运动起源、太白山——中国户外登山运动的发源地、户外登山活动中的基本知识、主要线路、发生山难事故的原因和相应对策。是一本简单明了,通俗易懂的集知识性、科学性和实用性为一体的指南。 | |
| 461 | 0 | @12001 @a太白山丛书 |
| 606 | 0 | @a登山运动@Adeng shan yun dong@x基本知识 |
| 690 | @aG881@v5 | |
| 701 | 0 | @a李明绪@Ali ming xu@f(195?-)@4编著 |
| 801 | 0 | @aCN@bBJSZM@c20201103 |
| 905 | @b1264166-70@dG881@e206@f5 | |
| 登山:穿越与探险/李明绪编著.-西安:太白文艺出版社,2019.07(2020.07) |
| 198页:彩图;24cm.-(太白山丛书/卢文远,张辉主编) |
| ISBN 978-7-5513-1604-0:CNY65.00 |
| 本书共分为九个章节。涉及户外登山运动的起源和历史发展、太白山登山资源概述和户外运动起源、太白山——中国户外登山运动的发源地、户外登山活动中的基本知识、主要线路、发生山难事故的原因和相应对策。是一本简单明了,通俗易懂的集知识性、科学性和实用性为一体的指南。 |
| ● |
| 相关链接 |
|
|
|
|
正题名:登山
索取号:G881/206
 
预约/预借
| 序号 | 登录号 | 条形码 | 馆藏地/架位号 | 状态 | 备注 |
| 1 | 1264166 | 212641667 | 第一样本阅览室/ [索取号:G881/206] | 在馆 | |
| 2 | 1264167 | 212641676 | 教育系资料室/ [索取号:G881/206] | 在馆 | |
| 3 | 1264168 | 212641685 | 教育系资料室/ [索取号:G881/206] | 在馆 | |
| 4 | 1264169 | 212641694 | 第四借阅区/ [索取号:G881/206] | 在馆 | |
| 5 | 1264170 | 212641701 | 第四借阅区/ [索取号:G881/206] | 在馆 |